Normal view MARC view

Entry Término temático

Number of records used in: 1

001 - NÚMERO DE CONTROL

  • campo de control: 28898

003 - IDENTIFICADOR DEL NÚMERO DE CONTROL

  • campo de control: FranzMayer

005 - FECHA Y HORA DE LA ÚLTIMA TRANSACCIÓN

  • campo de control: 20230721122452.0

008 - DATOS DE LONGITUD FIJA

  • campo de control de longitud fija: 230721|| aca||aabn | a|a d

040 ## - FUENTE DE LA CATALOGACIÓN

  • Centro catalogador/agencia de origen: FranzMayer
  • Centro/agencia transcriptor: FranzMayer

150 ## - ENCABEZAMIENTO--TÉRMINO DE MATERIA

  • Término de materia o nombre geográfico como elemento de entrada: Religión cristiana
  • Subdivisión de forma: Iglesia

670 ## - FUENTE DE DATOS ENCONTRADOS

  • Cita de la fuente: Work cat.: (FranzMayer)10898: Autor Justo García, Juan 28896, Discursos predicables ó las homilías del ilustrisimo y venerable señor D.F. Gerónimo Bautista de Lanuza, del orden de predicadores, obispo de Barbastro y de albarracin, 1803